| 000 | 00805cab a22001935a 4500 | ||
|---|---|---|---|
| 001 | L159116 | ||
| 008 | 160129e2016 xxk 000 0 eng d | ||
| 035 | _a(Sirsi) u159116 | ||
| 041 | 0 | _aeng | |
| 245 | 0 | 0 |
_aContractural tenancy agreements _bWhen and how to use them |
| 260 | _c2016 | ||
| 490 |
_aLetting Update Journal _v23(4) January 2016, 26-27(2) |
||
| 520 | _aExplains what a contractural tenancy agreement for residential property is and when and how it can be used. Outlines procedures to follow when the tenant is in breach of contract, serving notices to quit, dealing with possessionand the use of break clauses by both landlord and tenant. | ||
| 590 | _aKA | ||
| 651 | 4 |
_aEngland and Wales _y1543- |
|
| 690 |
_aLandlord and tenant _96252 |
||
| 690 |
_aLeasing/Letting _96253 |
||
| 942 | _n0 | ||
| 999 |
_c84806 _d84806 |
||